| 000 | 00468 a2200133 4500 | ||
|---|---|---|---|
| 005 | 20250612124100.0 | ||
| 020 | _a978-1-03-228539-9 | ||
| 082 | _a658.45 BER | ||
| 245 | _aIntercultural Communication for the Global Business Professional | ||
| 260 |
_aNew York, _bRoutledge, Taylor & Francis Group, _c2024. |
||
| 300 |
_axxii, 165p.: ill.; figure, table, _breferences & index, _c22cm. |
||
| 700 | _aEd. by BERKLAND, M . K . & BUXBAUM, A . G . | ||
| 942 |
_2ddc _cBKS |
||
| 999 |
_c3858 _d3858 |
||